Arianna /

Arianna ha diciannove anni ma ancora non ha avuto il suo primo ciclo mestruale. Gli ormoni che il suo ginecologo le ha prescritto non sembrano avere effetto sul suo sviluppo. Durante l'estate, antiche memorie cominciano a riaffiorare e Arianna comincia a indagare sul proprio corpo e sul proprio pass...

Deskribapen osoa

Gorde:
Xehetasun bibliografikoak
Egile nagusia: De Raymondi, Emanuele (Konpositorea)
Beste egile batzuk: Lavagna, Carlo (regista) (Zuzendaria), Quadri, Ondina (Aktorea), Salsa, Carlo (sceneggiatore) (Eszenan ipintzen duena), Carnelutti, Valentina (Aktorea), Popolizio, Massimo (Aktorea), Louvart, Hélène (Argazkilaria), Barzini, Chiara (Eszenan ipintzen duena)
Formatua: Tesis Diapositiba
Hizkuntza:italiera
Argitaratua: Campi Bisenzio : CG entertainment, ©2017
Etiketak: Etiketa erantsi
Etiketarik gabe, Izan zaitez lehena erregistro honi etiketa jartzen!

MARC

LEADER 00000ngm a22000007i 4500
001 IT\ICCU\MOD\1676098
003 ItRI
005 20260124182813.0
008 171130s2017 it |||||||||||||||k|||||c
024 3 1 |a 8057092018781 
028 4 2 |a PSV21680 
040 |b ita 
041 7 |a ita  |2 ISO-639-2 
130 0 |a Arianna <film ; 2015>  |3 IT\ICCU\MOD\1676101 
245 0 0 |a Arianna /  |c un film di Carlo Lavagna ; Ondina Quadri, Massimo Popolizio, Valentina Carnelutti ; sceneggiatura Carlo Salsa, Carlo Lavagna, Chiara Barzini ; fotografia Helene Louvart ; musiche originali Emanuele De Raymondi. 
260 |a Campi Bisenzio :  |b CG entertainment,  |c ©2017 
300 |a 1 DVD-video (80 min) :  |b color., sonoro ;  |c in contenitore, 19 cm 
500 |a Caratteristiche tecniche: codice area 2: sistema e formato video: PAL; 16:9, 1.85:1; formato audio: Dolby digital 2.0 
500 |a Titolo del contenitore 
500 |a Lingue: italiano; sottotitoli: italiano per non udenti 
500 |a Produzione cinematografica: Italia, 2015 
502 |a Contenuti extra: Scena tagliata; Trailer; Promo 
520 |a Arianna ha diciannove anni ma ancora non ha avuto il suo primo ciclo mestruale. Gli ormoni che il suo ginecologo le ha prescritto non sembrano avere effetto sul suo sviluppo. Durante l'estate, antiche memorie cominciano a riaffiorare e Arianna comincia a indagare sul proprio corpo e sul proprio passato. 
700 1 |a Lavagna, Carlo  |c  (regista)  |0 IT\ICCU\MODV\664790  |4 drt 
700 1 |a Quadri, Ondina  |0 IT\ICCU\MODV\664791  |4 act 
700 1 |a Salsa, Carlo  |c  (sceneggiatore)  |0 IT\ICCU\PCMV\008718  |4 sce 
700 1 |a Carnelutti, Valentina  |0 IT\ICCU\RAVV\459880  |4 act 
700 1 |a Popolizio, Massimo  |0 IT\ICCU\TO0V\498943  |4 act 
700 1 |a Louvart, Hélène  |0 IT\ICCU\TSAV\600725  |4 pht 
700 1 |a Barzini, Chiara  |0 IT\ICCU\UBOV\300285  |4 sce 
700 1 |a De Raymondi, Emanuele  |0 IT\ICCU\UBOV\399098  |4 cmp 
942 |2 ddc  |c VM  |n 0 
952 |0 0  |1 0  |4 0  |6 VO_2316_000000000000000  |7 0  |9 26555  |a BO  |b BO  |d 2026-01-24  |i 18681  |l 0  |o VO 2316  |p BO18681  |r 2026-01-24 18:28:13  |w 2026-01-24  |x [Sebina 7] [1 dvd]  |y VM  |z 1 dvd 
999 |c 22457  |d 22457